000 00414nam a22001337a 4500
005 20260311152445.0
020 _a978-3-031-92857-4
082 _a639.31AHM/A
245 _aAquaculture: Enhancing Food Security and Nutrition/
_ced by Imtiaz Ahmed and Ishtiyaq Ahmad
260 _a.-Switzerland
_b:Springer Nature
_c,2025
300 _a495p
700 _aAhmed,Imtiaz and Ahmad,Ishtyaq ed
_911653
942 _2ddc
_cBK
999 _c757514
_d757514